000 01398nam0a2200373 4500
001 RU\NLR\bibl\99510
005 20250617083119.0
010 _a5-85684-298-7
_bАквариум
010 _a5-237-00652-3
_910000
_bАСТ
021 _aRU
_b2000-11811
_9583
035 _a(NLR Aleph) 000097288
090 _a548069
_c548069
100 _a20000721d2000 |||y0rusy50 ca
101 1 _arus
_cger
102 _aRU
105 _aa |||||||||
200 1 _aНовый путь оздоровления
_fМ.Д. Пионтек
_g[Пер. с нем. М. Степкина]
210 _aНазрань
_cАСТ
_aМ.
_cАквариум
_d2000
215 _a269, [1] с.
_cил.
_d21
225 1 _aСекреты для женщин
300 _aНа обл. авт. не указан
320 _aУказ. упражнений в конце кн.
606 0 _aЖенщины
_jПопулярные издания
_xГигиена
_91128213
_3RU\NLR\auth\66128369
606 1 _aТерапия нетрадиционная
_jПопулярные издания
_92050901
_3RU\NLR\AUTH\66946143
686 _aР358.9я9
686 _aР714я9
700 1 _aПионтек
_bМ. Д.
_gМантрейи Д.
_4070
801 0 _aRU
_bNLR
_c20000721
_gPSBO
801 1 _aRU
_bNLR
_c20000721
852 _aNLR
_j2000-3/6649
942 _cBOOK
980 _aNB